000 00564nam a2200181 i 4500
001 13807
003 ES-MaACL
005 20230906150651.0
007 t|
008 980707s1997 sp ||||1| spa d
080 _a341.232.1 OTAN
245 0 4 _aLas viejas mentiras de la nueva OTAN.
260 _aMadrid :
_bPlataforma contra la OTAN de Madrid,
_c1997.
300 _a207 p. :
_bil. ;
_c21 cm.
610 2 7 _aOrganización del Tratado del Atlántico Norte.
_96065
710 2 _aPlataforma contra la OTAN de Madrid.
_96224
852 _aES-MaACL
_jL-21229
_bR.126546
999 _c13807
_d13807